Geography Quiz

Random Geography or Flags Quiz

Flags of World Organizations Quiz Stats

 Plays Quiz Updated Nov 22, 2011

Challenge
Share
Tweet
Score 0/20 Timer 05:00
5 Plays Today
# Organization % Correct
1Olympic Movement
96.7%
9International Committee of the Red Cross
91.6%
20United Nations Organization
88.7%
19European Union
69%
17Unicef
55.4%
12North Atlantic Treaty Organization
48.1%
2Organization of the Petroleum Exporting Countries
35.8%
10World Organization of the Scout Movement
27.1%
7Organisation of African Unity
25.7%
15League of Arab States
22.2%
# Organization % Correct
13Salvation Army
9%
18Commonwealth of Nations
9%
14Association of Southeast Asian Nations
7.5%
8Organization of American States
7.4%
3Caribbean Community
5.4%
16Commonwealth of Independent States
4.8%
11Organisation internationale de la Francophonie
4.6%
4Organization of Islamic Cooperation
3.6%
6Nordic Council
3.6%
5Secretariat of the Pacific Community
1.7%

You're not logged in!

Compare scores with friends on all Sporcle quizzes.
Join for Free
OR
Log In

You Might Also Like...

Show Comments

Extras

Top Quizzes Today


Score Distribution

Your Account Isn't Verified!

In order to create a playlist on Sporcle, you need to verify the email address you used during registration. Go to your Sporcle Settings to finish the process.

Report this User

Report this user for behavior that violates our Community Guidelines.

Details: